000 00856nam a2200265 a 4500
008
020 _a0521443725 (hbk.)
049 _aMAIN
090 _aZA4460
_bMAR
100 1 _aMarchionini, Gary.
245 1 0 _aInformation seeking in electronic environments /
_cGary Marchionini.
260 _aCambridge :
_bCambridge University Press,
_c1995.
300 _axi, 224 p. :
_bill., map ;
_c26 cm.
440 0 _aCambridge series on human-computer interaction ;
_v9.
504 _aIncludes bibliographical references.
500 _aIncludes index.
650 0 _aHuman-computer interaction.
650 2 _aInformation Storage and Retrieval.
650 2 _aOnline Systems.
907 _a.b10040833
_b25-11-15
_c17-04-03
003
005 20230123133208.0
040 _cNUST
942 _cBOOKS
_kZA4460
_mMAR
999 _c144375
_d144375